[Event "8th Sharjah Masters 2025"]
[Site "Sharjah UAE"]
[Date "2025.05.17"]
[Round "1.2"]
[White "Giri, Anish"]
[Black "Jumabayev, Rinat"]
[Result "1-0"]
[WhiteTitle "GM"]
[BlackTitle "GM"]
[WhiteElo "2738"]
[BlackElo "2551"]
[WhiteFideId "24116068"]
[BlackFideId "13702661"]
[EventDate "2025.05.17"]

1. c4 e5 2. g3 Nf6 3. Bg2 d5 4. cxd5 Nxd5 5. Nc3 Nf6 6. Nf3 Nc6 7. O-O Bc5 8. b4
Bd6 9. Qa4 Nd7 10. b5 Nc5 11. Qc2 Nd4 12. Nxd4 exd4 13. Ne4 Nxe4 14. Qxe4+ Qe7
15. Bb2 Qxe4 16. Bxe4 a6 17. a4 axb5 18. axb5 Rxa1 19. Rxa1 Bc5 20. Ra4 Ke7 21.
Bxd4 Bxd4 22. Rxd4 h6 23. f4 Bd7 24. Rb4 Ra8 25. Bxb7 Ra2 26. Re4+ Kf8 27. d3
Bxb5 28. Bd5 Rb2 29. Kf1 Bd7 30. Rc4 Bg4 31. e4 Rxh2 32. f5 Rd2 33. Rxc7 Rxd3
34. Bxf7 Rxg3 35. Bg6 h5 36. Rf7+ Ke8 37. Rxg7+ Kf8 38. Rh7 Re3 39. Kg2 Rxe4 40.
f6 Re2+ 41. Kf1 1-0

[Event "8th Sharjah Masters 2025"]
[Site "Sharjah UAE"]
[Date "2025.05.17"]
[Round "1.3"]
[White "Aditya, Mittal"]
[Black "Maghsoodloo, Parham"]
[Result "1/2-1/2"]
[WhiteTitle "GM"]
[BlackTitle "GM"]
[WhiteElo "2547"]
[BlackElo "2706"]
[WhiteFideId "35042025"]
[BlackFideId "12539929"]
[EventDate "2025.05.17"]

1. e4 c6 2. d4 d5 3. e5 c5 4. Nf3 Bg4 5. dxc5 e6 6. Bb5+ Nd7 7. b4 a5 8. c3 Ne7
9. h3 Bxf3 10. Qxf3 Nc6 11. Qf4 axb4 12. cxb4 g5 13. Qd2 Bg7 14. Bb2 Ndxe5 15.
a4 O-O 16. O-O Nc4 17. Bxc4 dxc4 18. Bxg7 Kxg7 19. Ra3 Qxd2 20. Nxd2 Nxb4 21.
Nxc4 Nc2 22. Ra2 Nb4 23. Ra3 Na6 24. Rb1 h6 25. Rxb7 Nxc5 26. Rb5 Ne4 27. a5
Rfc8 28. Rb4 Ra6 29. Ne5 Rc1+ 30. Kh2 Nd2 31. Rb7 Nf1+ 32. Kg1 1/2-1/2

[Event "8th Sharjah Masters 2025"]
[Site "Sharjah UAE"]
[Date "2025.05.17"]
[Round "1.4"]
[White "Sevian, Samuel"]
[Black "Woodward, Andy"]
[Result "1/2-1/2"]
[WhiteTitle "GM"]
[BlackTitle "GM"]
[WhiteElo "2694"]
[BlackElo "2547"]
[WhiteFideId "2040506"]
[BlackFideId "30953499"]
[EventDate "2025.05.17"]

1. e4 c5 2. Nf3 d6 3. d4 cxd4 4. Nxd4 Nf6 5. Nc3 a6 6. Bg5 Nbd7 7. a3 h6 8. Bxf6
Nxf6 9. Bc4 g6 10. Qd3 Bg7 11. O-O-O O-O 12. Ba2 Bd7 13. h4 Qa5 14. f4 Rac8 15.
Rhe1 Bg4 16. e5 Nh5 17. Nd5 Kh8 18. e6 fxe6 19. b4 Qa4 20. Nb6 Qe8 21. g3 Rc6
22. Nxc6 Qxc6 23. Bxe6 Bxd1 24. Nd5 Bxc2 25. Qxc2 Qxc2+ 26. Kxc2 Nxg3 27. Nxe7
Kh7 28. Re3 Nf1 29. Re1 Ng3 30. Re3 Nf1 31. Re1 1/2-1/2

[Event "8th Sharjah Masters 2025"]
[Site "Sharjah UAE"]
[Date "2025.05.17"]
[Round "1.5"]
[White "Dai, Changren"]
[Black "Salem, A.R. Saleh"]
[Result "1-0"]
[WhiteTitle "GM"]
[BlackTitle "GM"]
[WhiteElo "2531"]
[BlackElo "2631"]
[WhiteFideId "8608156"]
[BlackFideId "9301348"]
[EventDate "2025.05.17"]

1. d4 Nf6 2. c4 g6 3. Nc3 Bg7 4. e4 d6 5. h3 O-O 6. Be3 Nbd7 7. g4 a6 8. Nf3 Rb8
9. Qc2 c5 10. Bg2 b5 11. dxc5 Nxc5 12. cxb5 axb5 13. e5 Nfd7 14. exd6 exd6 15.
O-O Bb7 16. Rad1 Qa5 17. Rxd6 Qa8 18. Qd1 Ne5 19. Nd5 Nc4 20. Bxc5 Nxd6 21. Nb6
Qxa2 22. Nd7 Rbd8 23. Qxd6 Rfe8 24. Nf6+ Bxf6 25. Qxf6 Qe6 26. Qxe6 Rxe6 27. b4
Ree8 28. Nd4 Be4 29. Bxe4 Rxe4 30. Nxb5 1-0

[Event "8th Sharjah Masters 2025"]
[Site "Sharjah UAE"]
[Date "2025.05.17"]
[Round "1.6"]
[White "Vakhidov, Jakhongir"]
[Black "Tabatabaei, M. Amin"]
[Result "0-1"]
[WhiteTitle "GM"]
[BlackTitle "GM"]
[WhiteElo "2546"]
[BlackElo "2670"]
[WhiteFideId "14201801"]
[BlackFideId "12521213"]
[EventDate "2025.05.17"]

1. c4 e5 2. Nc3 Nf6 3. Nf3 Nc6 4. e4 Bb4 5. d3 d6 6. Be2 O-O 7. O-O Bc5 8. h3 a5
9. Nd2 Ne7 10. Nb3 Ng6 11. Kh1 Re8 12. Na4 b6 13. Nc3 Bd7 14. Be3 h6 15. Nxc5
bxc5 16. Qd2 Be6 17. Kh2 Rf8 18. g3 Qd7 19. g4 Qe7 20. Rg1 Nh7 21. Raf1 Qf6 22.
f4 Nxf4 23. Bxf4 exf4 24. Qxf4 Rfb8 25. Qg3 Qd4 26. Nb5 Rxb5 27. cxb5 Bxa2 28.
Bf3 Be6 29. e5 d5 30. Qf2 Qxe5+ 31. Kh1 Rb8 32. Qxc5 Ng5 33. Bg2 Qg3 34. Qf2
Qxd3 35. Kh2 Qxb5 36. Qf4 Qxb2 37. Rb1 Rb4 38. Qxc7 Qa2 39. Ra1 Qe2 40. Qg3 a4
41. Rge1 Qb5 42. Re3 Rb2 43. Qf4 Rxg2+ 0-1

[Event "8th Sharjah Masters 2025"]
[Site "Sharjah UAE"]
[Date "2025.05.17"]
[Round "1.7"]
[White "Sargsyan, Shant"]
[Black "Raja, Rithvik R"]
[Result "1-0"]
[WhiteTitle "GM"]
[BlackTitle "GM"]
[WhiteElo "2666"]
[BlackElo "2545"]
[WhiteFideId "13306766"]
[BlackFideId "35007394"]
[EventDate "2025.05.17"]

1. d4 Nf6 2. c4 e6 3. Nf3 d5 4. Nc3 Bb4 5. Bg5 h6 6. Bxf6 Qxf6 7. Qa4+ Nc6 8. e3
O-O 9. Be2 dxc4 10. O-O Bd6 11. Qxc4 Bd7 12. Ne4 Qe7 13. Rac1 Rac8 14. Nc5 Bxc5
15. Qxc5 Qxc5 16. Rxc5 Ne7 17. Ne5 Rfd8 18. Rfc1 c6 19. Ra5 a6 20. Ra3 Rc7 21.
h4 g5 22. hxg5 hxg5 23. Bh5 f6 24. Bf7+ Kg7 25. Nxd7 Kxf7 26. Nc5 Nf5 27. Rb3
Nd6 28. a4 g4 29. e4 f5 30. f3 gxf3 31. gxf3 fxe4 32. fxe4 Rg8+ 33. Kf2 Ke8 34.
e5 Rf7+ 35. Rf3 Rxf3+ 36. Kxf3 Nf5 37. Nxb7 Nxd4+ 38. Ke3 Rg4 39. Nd6+ Kd7 40.
Ne4 Nf5+ 41. Kf3 Rh4 42. Nc5+ Ke7 43. a5 Nd4+ 44. Ke3 Nf5+ 45. Kd3 Rd4+ 46. Kc3
Rd5 47. b4 Nd4 48. Re1 Nb5+ 49. Kc4 Rd4+ 50. Kb3 Rh4 51. Nxa6 Rh3+ 52. Kb2 Rh2+
53. Kc1 Rh4 54. Rg1 Kf7 55. Kd2 c5 56. Rf1+ Ke7 57. bxc5 Ra4 58. Nb8 Na7 59. a6
Rb4 60. Rh1 Rxb8 61. Rh7+ Kd8 62. Rxa7 Rb5 63. Rb7 1-0

[Event "8th Sharjah Masters 2025"]
[Site "Sharjah UAE"]
[Date "2025.05.17"]
[Round "1.8"]
[White "Kuybokarov, Temur"]
[Black "Sargissian, Gabriel"]
[Result "1/2-1/2"]
[WhiteTitle "GM"]
[BlackTitle "GM"]
[WhiteElo "2542"]
[BlackElo "2641"]
[WhiteFideId "14203049"]
[BlackFideId "13300881"]
[EventDate "2025.05.17"]

1. e4 e5 2. Nf3 Nc6 3. Bb5 a6 4. Ba4 Nf6 5. O-O Be7 6. d3 b5 7. Bb3 d6 8. a3 O-O
9. Nc3 Rb8 10. Be3 Na5 11. Ba2 c5 12. b4 Nc6 13. bxc5 dxc5 14. Nd5 Qd6 15. a4
Nxd5 16. Bxd5 Nb4 17. Bb3 Be6 18. Bxe6 Qxe6 19. c3 Nc6 20. axb5 axb5 21. Ra6 Ra8
22. Qa1 Rxa6 23. Qxa6 Nd4 24. Ra1 Nxf3+ 25. gxf3 Qd6 26. Qxd6 Bxd6 27. Ra6 Be7
28. Rc6 Rd8 29. Bxc5 Rxd3 1/2-1/2

[Event "8th Sharjah Masters 2025"]
[Site "Sharjah UAE"]
[Date "2025.05.17"]
[Round "1.9"]
[White "Indjic, Aleksandar"]
[Black "Sychev, Klementy"]
[Result "1-0"]
[WhiteTitle "GM"]
[BlackTitle "GM"]
[WhiteElo "2637"]
[BlackElo "2542"]
[WhiteFideId "911925"]
[BlackFideId "4114060"]
[EventDate "2025.05.17"]

1. d4 d5 2. c4 dxc4 3. e4 b5 4. a4 c6 5. Nc3 b4 6. Nb1 Ba6 7. Qc2 Qxd4 8. Nf3
Qb6 9. Be3 Qc7 10. Bxc4 Bxc4 11. Qxc4 e6 12. O-O Nf6 13. Rc1 Be7 14. Nbd2 O-O
15. a5 Rc8 16. Bc5 Bxc5 17. Qxc5 Nbd7 18. Qxb4 c5 19. Qc3 Rab8 20. Ra4 Rb5 21.
b3 h6 22. h3 a6 23. g3 Qd8 24. Re1 Rcb8 25. Ra3 Qc7 26. Nc4 Qc6 27. Qd3 Rb4 28.
Re3 Qc7 29. Qc2 Qb7 30. Ne1 Qc6 31. Kh2 R4b5 32. Ra1 Qc7 33. Nf3 Rb4 34. Rd1 Qb7
35. Rd6 Ne8 36. Rdd3 Nef6 37. Qd1 Nf8 38. Nfd2 Ng6 39. Nd6 Qc7 40. N2c4 Rf8 41.
Rf3 Qc6 42. Qe2 Rbb8 43. e5 Nd5 44. h4 Nb4 45. h5 Ne7 46. Rde3 Qc7 47. Rf4 Nbd5
48. Ref3 Nxf4 49. gxf4 Rb4 50. Rg3 Nf5 51. Nxf5 exf5 52. Qd3 Qe7 53. Qxf5 Qe6
54. Qf6 Qxf6 55. exf6 g6 56. hxg6 fxg6 57. Rxg6+ Kh7 58. Ne5 Rb7 59. f5 h5 60.
Nf3 Kh8 61. Ng5 Rxb3 62. f7 Rb7 63. Rxa6 c4 64. Rh6+ Kg7 65. Rg6+ Kh8 66. a6
Rbxf7 67. Nxf7+ Rxf7 68. Rc6 Ra7 69. f6 Kg8 70. Kg3 c3 71. Kf4 c2 72. Kg5 Rxa6
73. Rc8+ Kf7 74. Rc7+ Ke6 75. Kg6 h4 76. Rxc2 Ke5 77. Rc5+ Kf4 78. Rh5 Kg4 79.
f3+ Kg3 80. Kg7 Ra3 81. Rf5 h3 82. f7 h2 83. f8=Q Ra7+ 84. Kg8 h1=Q 85. Rg5+ Kf2
86. Qc5+ 1-0

[Event "8th Sharjah Masters 2025"]
[Site "Sharjah UAE"]
[Date "2025.05.17"]
[Round "1.10"]
[White "Zhu, Jiner"]
[Black "Nguyen, Ngoc Truong Son"]
[Result "1/2-1/2"]
[WhiteTitle "GM"]
[BlackTitle "GM"]
[WhiteElo "2541"]
[BlackElo "2632"]
[WhiteFideId "8608059"]
[BlackFideId "12401110"]
[EventDate "2025.05.17"]

1. e4 e5 2. Nf3 Nc6 3. Bc4 Bc5 4. c3 Nf6 5. d3 a5 6. O-O d6 7. Re1 Ba7 8. Nbd2
O-O 9. h3 Be6 10. Bb5 Ne7 11. Nf1 Ng6 12. Ba4 Nh5 13. d4 Nhf4 14. Ng3 exd4 15.
Nxd4 Bxd4 16. cxd4 d5 17. Qf3 Qf6 18. Bd1 Rae8 19. Bd2 Qh4 20. Bc2 Qf6 21. Kh2
c6 22. e5 Qh4 23. Bf5 f6 24. exf6 Qxf6 25. Bxf4 Bxf5 26. Rxe8 Rxe8 27. Bd2 Nh4
28. Qf4 Be4 29. Qxf6 gxf6 30. Bxa5 Bxg2 31. Rg1 Ra8 32. Bc3 Bf3 33. Nf5+ Ng6 34.
Nh4 Be4 35. f3 Bd3 36. Nxg6 hxg6 37. a3 Kf7 38. h4 Re8 1/2-1/2

[Event "8th Sharjah Masters 2025"]
[Site "Sharjah UAE"]
[Date "2025.05.17"]
[Round "1.11"]
[White "Predke, Alexandr"]
[Black "Ferreira, Jorge Viterbo"]
[Result "1/2-1/2"]
[WhiteTitle "GM"]
[BlackTitle "GM"]
[WhiteElo "2631"]
[BlackElo "2537"]
[WhiteFideId "24107581"]
[BlackFideId "1910850"]
[EventDate "2025.05.17"]

1. d4 Nf6 2. c4 e6 3. Nf3 Bb4+ 4. Bd2 Bxd2+ 5. Qxd2 O-O 6. e3 d5 7. Be2 Qe7 8.
O-O dxc4 9. Na3 c5 10. dxc5 Qxc5 11. Nxc4 Nc6 12. Rfd1 Bd7 13. a3 Rfd8 14. b4
Qf8 15. Qb2 Ne7 16. Nd6 Rab8 17. Ne5 Be8 18. e4 Nc6 19. Nxc6 Bxc6 20. Qe5 Ne8
21. Nc4 Nf6 22. Nd6 Ne8 23. Nc4 Nf6 24. f3 Ba4 25. Rxd8 Qxd8 26. Nb2 Be8 27. Rd1
Qb6+ 28. Qd4 Qxd4+ 29. Rxd4 Rc8 30. Nc4 Kf8 31. Nd6 Rc2 32. Kf1 b6 33. Bc4 Ba4
34. e5 Ne8 35. Bb5 Bxb5+ 36. Nxb5 a6 37. Nd6 Nxd6 38. Rxd6 Ra2 39. Rxb6 Rxa3 40.
Rb8+ Ke7 41. Rb7+ Kf8 42. Rb8+ Ke7 43. Kf2 Ra2+ 44. Kg3 Rb2 45. Rb6 g6 46. h4 h5
47. Kf4 Rxg2 48. Rxa6 Kf8 49. Rc6 Kg7 50. b5 g5+ 51. hxg5 Rb2 52. Rb6 Kg6 53.
Rb7 Rb4+ 54. Kg3 h4+ 55. Kg2 Rf4 56. Rc7 Kxg5 57. b6 Kg6 58. b7 Rb4 59. Kh3 f6
60. exf6 Kxf6 61. Rh7 Kg6 62. Rd7 e5 63. Re7 Kf6 64. Rh7 Kg6 65. Rd7 Kf6 66. Rc7
Ke6 67. Rh7 Kd6 68. Rh6+ Kd5 69. Rh7 Kc6 70. Re7 Kd6 71. Rh7 Kc6 72. Rxh4 Rxb7 1/2-1/2

[Event "8th Sharjah Masters 2025"]
[Site "Sharjah UAE"]
[Date "2025.05.17"]
[Round "1.12"]
[White "Idani, Pouya"]
[Black "Lobanov, Sergei"]
[Result "1/2-1/2"]
[WhiteTitle "GM"]
[BlackTitle "GM"]
[WhiteElo "2630"]
[BlackElo "2527"]
[WhiteFideId "12510130"]
[BlackFideId "24183750"]
[EventDate "2025.05.17"]

1. e4 e5 2. Nf3 Nc6 3. Bb5 a6 4. Ba4 Nf6 5. O-O b5 6. Bb3 Bc5 7. a4 Rb8 8. c3 d6
9. d4 Bb6 10. Qd3 Bd7 11. axb5 axb5 12. Na3 h6 13. dxe5 Nxe5 14. Nxe5 dxe5 15.
Qg3 Qe7 16. Nc2 Nh5 17. Qf3 Nf6 18. Nb4 O-O 19. Be3 Bxe3 20. Qxe3 Ra8 21. Na6
Rfc8 22. Qc5 Qxc5 23. Nxc5 Be8 24. f3 Kf8 25. Nd3 Nd7 26. Rxa8 Rxa8 27. Bd5 Ra5
28. Bc6 f6 29. Bxd7 Bxd7 30. Nc5 Bc8 31. Rd1 Ke7 32. Kf2 Ra2 33. Rd2 Ra1 34. Ke3
h5 35. Kd3 Kd6 36. b4 Ke7 37. Ke2 1/2-1/2

[Event "8th Sharjah Masters 2025"]
[Site "Sharjah UAE"]
[Date "2025.05.17"]
[Round "1.13"]
[White "Petkov, Momchil"]
[Black "Ivic, Velimir"]
[Result "0-1"]
[WhiteTitle "GM"]
[BlackTitle "GM"]
[WhiteElo "2524"]
[BlackElo "2630"]
[WhiteFideId "2921642"]
[BlackFideId "950122"]
[EventDate "2025.05.17"]

1. e4 e5 2. Nf3 Nc6 3. Nc3 Nf6 4. Bb5 Bd6 5. d3 O-O 6. Ba4 Re8 7. O-O h6 8. h3
Bf8 9. Nd5 d6 10. Nh2 Be6 11. c4 Nd7 12. f4 Nc5 13. f5 Nxa4 14. Qxa4 Bxd5 15.
cxd5 Nd4 16. Qd1 c6 17. f6 g6 18. Ng4 h5 19. Nh6+ Bxh6 20. Bxh6 cxd5 21. Qd2
dxe4 22. dxe4 Ne6 23. Rad1 Qb6+ 24. Kh1 Rac8 25. Rf3 Rc4 26. Rd3 Rd4 27. Be3
Rxd3 28. Qxd3 Qxb2 29. Rb1 Qxa2 30. Rxb7 Nf4 31. Bxf4 exf4 32. Re7 Rxe7 33. fxe7
Qa1+ 34. Kh2 Qe5 35. Qxd6 Qxd6 36. e8=Q+ Kg7 37. e5 Qe6 38. Qb5 g5 39. Qc5 g4
40. hxg4 hxg4 0-1

[Event "8th Sharjah Masters 2025"]
[Site "Sharjah UAE"]
[Date "2025.05.17"]
[Round "1.14"]
[White "Mendonca, Leon Luke"]
[Black "Samadov, Read"]
[Result "1/2-1/2"]
[WhiteTitle "GM"]
[BlackTitle "IM"]
[WhiteElo "2630"]
[BlackElo "2521"]
[WhiteFideId "35028561"]
[BlackFideId "13417444"]
[EventDate "2025.05.17"]

1. e4 c5 2. Nf3 d6 3. d4 cxd4 4. Nxd4 Nf6 5. Nc3 a6 6. Qd3 e6 7. a4 Be7 8. Be2
O-O 9. O-O Bd7 10. Be3 Nc6 11. Nxc6 Bxc6 12. a5 Rc8 13. Rfd1 Qc7 14. Bb6 Qb8 15.
Qe3 Nd7 16. Bd4 Rfd8 17. f3 Bf6 18. Rd2 Qc7 19. Bf1 h6 20. Bxf6 Nxf6 21. b4 d5
22. e5 Nd7 23. f4 Nb8 24. Ra3 Be8 25. Rb3 Qe7 26. b5 axb5 27. Nxb5 Bxb5 28. Rxb5
Rc7 29. Bd3 Nd7 30. Rd1 Nc5 31. Bf1 Na4 32. Ra1 Nc3 33. Rb2 d4 34. Qf3 Nd5 35.
Ra4 Nc3 36. Rab4 Qc5 37. Bd3 Qxa5 38. Rxb7 Na4 39. Rb8 Rcc8 40. Rxc8 Rxc8 41.
Rb1 Nc5 42. Qc6 Qd8 43. Qf3 Qa5 44. Bf1 Qd2 45. Rd1 Qxc2 46. Rxd4 Nb3 47. Rd7
Nd2 48. Qf2 Nxf1 49. Qxc2 Rxc2 50. Kxf1 Rc4 51. g3 g5 52. fxg5 hxg5 53. Rd2 Kg7
54. Re2 Kg6 55. Kg2 Ra4 56. h3 Rb4 57. Re3 Rb2+ 58. Kf3 Kh5 59. Re2 Rb3+ 60. Kg2
Kg6 61. Re1 Ra3 62. Re2 Rb3 63. Re1 Rb2+ 64. Kf3 Kf5 65. Re3 Rb5 66. g4+ Kg6 67.
Kg3 Ra5 68. Kf3 Kg7 69. Kg3 Rb5 70. Kf3 Kf8 71. Kg3 Kg7 72. Kf3 Rb4 73. Kg3 1/2-1/2

[Event "8th Sharjah Masters 2025"]
[Site "Sharjah UAE"]
[Date "2025.05.17"]
[Round "1.15"]
[White "Madaminov, Mukhiddin"]
[Black "Xu, Xiangyu"]
[Result "1/2-1/2"]
[WhiteTitle "GM"]
[BlackTitle "GM"]
[WhiteElo "2520"]
[BlackElo "2623"]
[WhiteFideId "14210703"]
[BlackFideId "8608288"]
[EventDate "2025.05.17"]

1. e4 e6 2. d4 d5 3. Nd2 c5 4. Ngf3 cxd4 5. exd5 Qxd5 6. Bc4 Qd7 7. O-O Nc6 8.
Nb3 a6 9. a4 Nf6 10. Qe2 Bd6 11. Rd1 Qe7 12. Nbxd4 Nxd4 13. Rxd4 e5 14. Rxd6
Qxd6 15. b3 Be6 16. Ba3 Bxc4 17. Qxc4 Qd5 18. Qc3 Nd7 19. Qe1 O-O-O 20. Rd1 Qe6
21. Ng5 Qg6 22. Be7 Nc5 23. Bxd8 Rxd8 24. Rxd8+ Kxd8 25. Qxe5 Qxc2 26. Nxf7+ Kd7
27. h3 Nxb3 28. Qd5+ Ke7 29. Kh2 Qc7+ 30. Ne5 Nc5 31. f4 Ne6 32. h4 g6 33. h5
gxh5 34. Nd3 Qd7 35. Qf5 Kd8 36. a5 h4 37. Ne5 Qg7 38. Kh1 Qe7 39. Qe4 Ke8 40.
f5 Ng5 41. Qxh4 Qxe5 42. Qxg5 Kf7 43. Qh5+ Kg7 44. Kg1 Kh8 45. g4 Qe1+ 46. Kh2
Qf2+ 47. Kh3 Qe3+ 48. Kh4 Qe1+ 49. Kg5 Qd2+ 50. Kh4 Qe1+ 1/2-1/2

[Event "8th Sharjah Masters 2025"]
[Site "Sharjah UAE"]
[Date "2025.05.17"]
[Round "1.16"]
[White "Daneshvar, Bardiya"]
[Black "Movahed, Sina"]
[Result "1/2-1/2"]
[WhiteTitle "GM"]
[BlackTitle "GM"]
[WhiteElo "2621"]
[BlackElo "2518"]
[WhiteFideId "12576468"]
[BlackFideId "42520835"]
[EventDate "2025.05.17"]

1. d4 Nf6 2. Nf3 d5 3. Bf4 c5 4. e3 Nc6 5. Nbd2 e6 6. c3 Be7 7. Ne5 O-O 8. Bd3
Bd7 9. h4 Be8 10. Ndf3 Qb6 11. Qe2 Ne4 12. Nxc6 Qxc6 13. Ne5 Qb6 14. Qc2 f6 15.
Nc4 Qc6 16. f3 Kh8 17. Na5 Qb6 18. fxe4 Qxa5 19. exd5 cxd4 20. d6 Bd8 21. exd4
e5 22. Be3 exd4 23. Bxd4 Bb6 24. Bxb6 axb6 25. O-O Qc5+ 26. Kh1 Bc6 27. Bxh7
Rae8 28. Bg6 Re3 29. Qf5 Rg3 30. Rg1 Kg8 31. Qe6+ Kh8 32. Qf5 Kg8 33. Qe6+ 1/2-1/2

[Event "8th Sharjah Masters 2025"]
[Site "Sharjah UAE"]
[Date "2025.05.17"]
[Round "1.17"]
[White "Kacharava, Nikolozi"]
[Black "Theodorou, Nikolas"]
[Result "1/2-1/2"]
[WhiteTitle "GM"]
[BlackTitle "GM"]
[WhiteElo "2516"]
[BlackElo "2611"]
[WhiteFideId "13611860"]
[BlackFideId "4262875"]
[EventDate "2025.05.17"]

1. e4 c5 2. Nf3 Nc6 3. d4 cxd4 4. Nxd4 Nf6 5. Nc3 e5 6. Ndb5 d6 7. Bg5 a6 8. Na3
b5 9. Nab1 Be7 10. Bxf6 Bxf6 11. a4 b4 12. Nd5 O-O 13. Bc4 Rb8 14. O-O Bg5 15.
c3 bxc3 16. b3 c2 17. Qxc2 Nd4 18. Qd1 h5 19. Nbc3 g6 20. b4 a5 21. bxa5 Qxa5
22. Nb5 Bg4 23. f3 Be6 24. f4 Bxd5 25. Bxd5 Nxb5 26. axb5 Qb6+ 27. Kh1 exf4 28.
Bc6 Qc5 29. Qd5 Bf6 30. Ra6 Be5 31. b6 Qe3 32. b7 Kg7 33. Qc4 h4 34. Rf3 Qc5 35.
Ra4 Rfc8 36. Qxc5 dxc5 37. Bd5 Rd8 38. g3 hxg3 39. hxg3 g5 40. gxf4 Bxf4 41. Rc4
f5 42. Rxc5 fxe4 43. Bxe4 Rd4 44. Rxf4 gxf4 45. Rc8 Rd8 46. Rc7+ Kf6 47. Kg2 Ke5
48. Kf3 Rf8 49. Rc5+ Kd6 50. Rc6+ Ke5 51. Rc5+ Kd6 52. Rc6+ Ke5 1/2-1/2

[Event "8th Sharjah Masters 2025"]
[Site "Sharjah UAE"]
[Date "2025.05.17"]
[Round "1.18"]
[White "Muradli, Mahammad"]
[Black "Nikitenko, Mihail"]
[Result "0-1"]
[WhiteTitle "GM"]
[BlackTitle "GM"]
[WhiteElo "2603"]
[BlackElo "2516"]
[WhiteFideId "13409301"]
[BlackFideId "13506862"]
[EventDate "2025.05.17"]

1. d4 Nf6 2. c4 e6 3. Nf3 h6 4. g3 Bb4+ 5. Nbd2 O-O 6. Bg2 d5 7. O-O a5 8. Qc2
a4 9. Rd1 Nc6 10. a3 Be7 11. e3 Bd7 12. Ne5 Na5 13. e4 Nb3 14. Nxb3 axb3 15. Qe2
Nxe4 16. Bxe4 dxe4 17. Qxe4 b5 18. d5 Bd6 19. Nxd7 Qxd7 20. cxb5 e5 21. Qc4 f5
22. Qxb3 f4 23. gxf4 Qg4+ 24. Kh1 exf4 25. f3 Qh3 26. Bd2 Rae8 27. Qd3 Rf5 28.
Rg1 Ree5 29. Qf1 Qxf1 30. Raxf1 Rxd5 31. Bc3 g5 32. a4 Bc5 33. Rg2 Be3 34. Rc2
Kf7 35. Ba5 Rc5 36. Rc3 Rxc3 37. bxc3 Rc5 38. Bb4 Rd5 39. Ra1 h5 40. h3 Kg6 41.
a5 g4 42. fxg4 hxg4 43. hxg4 Kg5 44. c4 Rd7 45. Kg2 Kxg4 46. Re1 Rd4 47. a6 Rxc4
48. Ba5 Rc2+ 49. Kf1 Rf2+ 50. Kg1 Ra2+ 0-1

[Event "8th Sharjah Masters 2025"]
[Site "Sharjah UAE"]
[Date "2025.05.17"]
[Round "1.19"]
[White "Aswath, S"]
[Black "Tin, Jingyao"]
[Result "0-1"]
[WhiteTitle "IM"]
[BlackTitle "GM"]
[WhiteElo "2515"]
[BlackElo "2601"]
[WhiteFideId "46694919"]
[BlackFideId "5804418"]
[EventDate "2025.05.17"]

1. d4 d5 2. c4 c6 3. Nf3 Nf6 4. g3 Bg4 5. Ne5 Bf5 6. cxd5 cxd5 7. Nc3 Nc6 8. f3
g6 9. Bg2 Bg7 10. O-O O-O 11. e3 Rc8 12. g4 Bd7 13. Nxd7 Qxd7 14. h3 Na5 15. Qd3
Rfd8 16. b3 Nc6 17. Bb2 h5 18. Qd2 Bh6 19. Qe2 Nb4 20. a3 Nc6 21. b4 Nb8 22.
Rac1 hxg4 23. hxg4 Bg7 24. f4 e6 25. Bf3 Qe7 26. Na4 b6 27. Rc2 Ne8 28. Rfc1
Rxc2 29. Rxc2 Nd6 30. Bc1 Nc4 31. Rc3 Rc8 32. b5 Qd7 33. Nb2 Nxa3 34. Rxa3 Rxc1+
35. Kg2 Qc7 36. Rd3 Bf8 37. Rd1 Rc3 38. Nd3 Nd7 39. Rd2 Qc4 40. f5 Bh6 41. fxe6
fxe6 42. Nf4 Qxe2+ 43. Rxe2 Kf7 44. Kf2 Rb3 45. Ra2 Bxf4 46. exf4 Rxb5 47. Rxa7
Ke7 48. Bd1 Ra5 49. Rb7 Kd6 50. Kg3 Kc6 51. Rxd7 Kxd7 52. Kh4 b5 53. Kg5 Ra2 54.
Kxg6 Rd2 55. Bf3 Rf2 56. Bd1 Rxf4 57. g5 Ke7 58. Kh6 Rxd4 0-1

[Event "8th Sharjah Masters 2025"]
[Site "Sharjah UAE"]
[Date "2025.05.17"]
[Round "1.20"]
[White "Azarov, Sergei"]
[Black "Aronyak, Ghosh"]
[Result "1-0"]
[WhiteTitle "GM"]
[BlackTitle "IM"]
[WhiteElo "2596"]
[BlackElo "2514"]
[WhiteFideId "13501470"]
[BlackFideId "25072846"]
[EventDate "2025.05.17"]

1. e4 c6 2. d4 d5 3. e5 Bf5 4. g4 Be4 5. f3 Bg6 6. e6 Qd6 7. exf7+ Bxf7 8. Nc3
g6 9. f4 Nf6 10. Bh3 c5 11. Nf3 cxd4 12. Nxd4 Bg7 13. Be3 Nc6 14. g5 Nh5 15.
Ndb5 Qd8 16. Nxd5 O-O 17. Ndc7 Bxb2 18. O-O Qxd1 19. Raxd1 Rad8 20. Ne6 Bxe6 21.
Bxe6+ Kh8 22. Rxd8 Rxd8 23. Rb1 Bg7 24. Bg4 b6 25. Rd1 Rxd1+ 26. Bxd1 a6 27. Nc7
Nd4 28. Kf2 a5 29. Bxh5 gxh5 30. Bxd4 Bxd4+ 31. Kf3 Bg1 32. h3 Kg7 33. Ke4 h6
34. Ne6+ Kf7 35. Kf5 hxg5 36. fxg5 1-0

[Event "8th Sharjah Masters 2025"]
[Site "Sharjah UAE"]
[Date "2025.05.17"]
[Round "1.21"]
[White "Malek, Jan"]
[Black "Paravyan, David"]
[Result "0-1"]
[WhiteTitle "GM"]
[BlackTitle "GM"]
[WhiteElo "2511"]
[BlackElo "2596"]
[WhiteFideId "21864080"]
[BlackFideId "4194985"]
[EventDate "2025.05.17"]

1. d4 d5 2. c4 e6 3. Nc3 Nf6 4. cxd5 Nxd5 5. Nf3 c5 6. e3 cxd4 7. exd4 Nxc3 8.
bxc3 Qc7 9. a4 Bd6 10. Bb5+ Nd7 11. O-O O-O 12. a5 Nf6 13. Qe2 Bd7 14. Bd3 b5
15. Bxb5 Qxc3 16. Bd2 Bxb5 17. Qxb5 a6 18. Qb6 Qc7 19. Qxc7 Bxc7 20. Rfc1 Rfc8
21. Kf1 Nd5 22. Rc6 Ne7 23. Rc2 Bd8 24. Rxc8 Rxc8 25. Ke2 f6 26. g4 Kf8 27. Kd3
Rb8 28. Kc4 Rb5 29. Bb4 Kf7 30. Ne1 Nc6 31. Nd3 Nxa5+ 32. Bxa5 Rxa5 33. Rxa5
Bxa5 34. Nc5 Bc7 35. h3 a5 36. Kb5 Ke7 37. Nb7 Kd7 38. h4 a4 39. Kxa4 Kc6 40.
Nc5 Kd5 41. Kb3 Bd6 42. Nb7 Bc7 43. Nc5 Bb6 44. Kb4 e5 45. Kb5 Ba7 46. g5 e4 47.
gxf6 gxf6 48. h5 f5 49. Kb4 f4 50. Nd7 Bxd4 51. Kb3 f3 0-1

[Event "8th Sharjah Masters 2025"]
[Site "Sharjah UAE"]
[Date "2025.05.17"]
[Round "1.22"]
[White "Pichot, Alan"]
[Black "Visakh, N R"]
[Result "0-1"]
[WhiteTitle "GM"]
[BlackTitle "GM"]
[WhiteElo "2587"]
[BlackElo "2507"]
[WhiteFideId "110973"]
[BlackFideId "25012223"]
[EventDate "2025.05.17"]

1. e4 e5 2. Nf3 Nc6 3. Bb5 a6 4. Ba4 Nf6 5. O-O Be7 6. d3 b5 7. Bb3 O-O 8. c3 d6
9. Re1 Na5 10. Bc2 c5 11. Nbd2 Re8 12. Nf1 Nc6 13. h3 Bf8 14. Bg5 h6 15. Bh4 g6
16. Ne3 Bg7 17. Nh2 Ne7 18. Nhg4 Nxg4 19. hxg4 Be6 20. Bb3 Bxb3 21. axb3 f6 22.
Qf3 Qd7 23. Ra3 Rf8 24. Rea1 Qb7 25. b4 Kh7 26. Qd1 Rfd8 27. Qf3 Rf8 28. R1a2
Ra7 29. bxc5 dxc5 30. c4 Nc6 31. Nd5 b4 32. Ra4 b3 33. Ra1 Nd4 34. Qd1 Nc2 35.
Rc1 a5 36. Rxc2 bxc2 37. Qxc2 g5 38. Bg3 Rb8 39. Ra2 Qb3 40. Qxb3 Rxb3 41. f3
Rxd3 42. Bf2 Bf8 43. b4 a4 44. bxc5 a3 45. c6 Ra6 46. c7 Rc6 47. c5 Bxc5 48.
Nxf6+ Kg6 49. Nd5 Kf7 50. Kh2 Bxf2 51. Nb4 Rdc3 52. Nxc6 Rxc6 53. Rxf2 Rxc7 54.
Ra2 Ra7 55. Kg1 Ke6 56. Kf2 Kd6 57. Ke2 Kc5 58. Kd2 Kb4 59. Kc2 Rd7 60. Ra1 Rc7+
61. Kd3 Rc3+ 62. Kd2 Rb3 0-1